000 00750nam a2200241 a 4500
001 4843
003 BD-RjUL
005 20211208233950.0
008 160822s1968 ilua b 000 0 eng d
035 _a(BD-RjUL)4878
040 _aDLC
_cDLC
_dDLC
_d(BD-RjUL)
_beng
041 _aeng
082 0 0 _a368.32
_bHAE 1968
100 1 _aHammond, J. D.
_q(James Dillard),
_d1933-
_915273
245 1 0 _aEssentials of life insurance /
_cJ. D. Hammond and Arthur L. Williams.
260 _aGlenview, Ill. :
_bScott, Foresman,
_cc1968
300 _a164 p. :
_bill. ;
_c22 cm.
504 _aBibliography: p. [170]
650 0 _aLife insurance.
_915274
700 1 _aWilliams, Arthur Lloyd,
_d1923-
_ejoint author.
_915275
942 _2ddc
_cBK
999 _c4843
_d4843